Comically Obvious Brand Knock-offs II Quiz Stats

Quiz Updated Oct 6, 2015

Challenge
Share
Tweet
Score 0/20 Timer 05:00
11 Plays Today
% Correct
Pizza Hut
99.2%
Kentucky Fried Chicken
99.1%
Google
98.4%
Puma
98.3%
Starbucks
98.1%
Oreo
96.9%
Chuck Taylor All-Stars
95.6%
Kung Fu Panda
95.2%
Hello Kitty
95.1%
7 Eleven
94.9%
% Correct
Heineken
93.7%
Pokémon
92.8%
Dunkin' Donuts
89%
Beats by Dre
88.4%
Sega Dreamcast
87.5%
Air Jordan
83.2%
Froot Loops
81.1%
Goldfish
79.1%
Lucky Charms
76.6%
Cinnamon Toast Crunch
66.1%

You're not logged in!

Compare scores with friends on all Sporcle quizzes.
Sign Up with Email
OR
Log In

You Might Also Like...

Show Comments

Extras

Top Quizzes Today


Score Distribution

Your Account Isn't Verified!

In order to create a playlist on Sporcle, you need to verify the email address you used during registration. Go to your Sporcle Settings to finish the process.